| 000 | 00730cam a2200253 a 4500 | ||
|---|---|---|---|
| 001 | 1122631 | ||
| 003 | OSt | ||
| 005 | 20230703155834.0 | ||
| 008 | 931020s1993 lo l 000 0 eng | ||
| 010 | _a 93982495 | ||
| 020 | _c16.00 Maluti | ||
| 040 |
_aDLC _cDLC |
||
| 043 | _af-lo--- | ||
| 082 | 0 | 0 |
_a342.688 _bLES |
| 110 | 1 | _aLesotho. | |
| 240 | 1 | 0 | _aConstitution |
| 245 | 1 | 4 | _aThe Constitution of Lesotho. |
| 260 |
_aMaseru, Lesotho : _bGovt. Printer, _c[1993] |
||
| 300 |
_a508 p. ; _c25 cm. |
||
| 650 | 0 |
_aConstitutional law _zLesotho. |
|
| 906 |
_a7 _bcbc _corignew _d2 _encip _f19 _gy-gencatlg |
||
| 942 |
_2ddc _cBK |
||
| 999 |
_c3480 _d3480 |
||